|
|
|
|
| LEADER |
00000nas a2200000 a 4500 |
| 001 |
ssj0000493317 |
| 003 |
WaSeSS |
| 005 |
20200512172242.0 |
| 006 |
m d |
| 007 |
cr n |
| 008 |
101011c20009999sp ar p s 0 0spa c |
| 010 |
|
|
|a 2011250663
|
| 035 |
|
|
|a (WaSeSS)ssj0000493317
|
| 040 |
|
|
|a HUA
|b eng
|c HUA
|d NTE
|d BUF
|d OCLCA
|d CUS
|d OCLCQ
|d OCLCF
|d OCLCO
|d OCLCQ
|d AU@
|d WaSeSS
|
| 041 |
0 |
|
|a spa
|a eng
|b eng
|b spa
|
| 042 |
|
|
|a pcc
|
| 050 |
|
4 |
|a P129
|
| 082 |
0 |
4 |
|a 410
|b E82
|
| 245 |
0 |
0 |
|a ELIA
|h [electronic resource] :
|b Estudios de lingüística inglesa aplicada.
|
| 246 |
3 |
0 |
|a Estudios de lingüística inglesa aplicada
|
| 260 |
|
|
|a Sevilla :
|b Universidad de Sevilla, Secretariado de Publicaciones
|
| 310 |
|
|
|a Annual
|
| 362 |
1 |
|
|a Began with vol. 1 (2000).
|
| 506 |
|
|
|a License restrictions may limit access.
|
| 546 |
|
|
|a Text in Spanish or English with abstracts in Spanish and English.
|
| 588 |
|
|
|a Description based on: Vol. 1 (2000); title from available issues screen (University of Seville website, viewed Mar. 14, 2011).
|
| 588 |
|
|
|a Latest issue consulted: Vol. 10 (2010) (viewed Mar. 14, 2011).
|
| 650 |
|
0 |
|a Applied linguistics
|v Periodicals.
|
| 650 |
|
0 |
|a English language
|x Study and teaching
|v Periodicals.
|
| 650 |
|
0 |
|a Second language acquisition
|v Periodicals.
|
| 650 |
|
0 |
|a Language and education
|v Periodicals.
|
| 650 |
|
7 |
|a Applied linguistics.
|2 fast
|0 (OCoLC)fst00811758
|
| 650 |
|
7 |
|a English language
|x Study and teaching.
|2 fast
|0 (OCoLC)fst00911670
|
| 650 |
|
7 |
|a Language and education.
|2 fast
|0 (OCoLC)fst00992142
|
| 650 |
|
7 |
|a Second language acquisition.
|2 fast
|0 (OCoLC)fst01110576
|
| 655 |
|
0 |
|a Electronic journals.
|
| 710 |
2 |
|
|a Universidad de Sevilla.
|b Grupo de Investigación "La Lengua inglesa en el ámbito universitario."
|
| 856 |
4 |
0 |
|z Full text available from Research Library: 01/01/2013 to present
|u https://search.proquest.com/publication/2035072
|